| 000 | 00430nam a2200145 4500 | ||
|---|---|---|---|
| 999 |
_c17344 _d17344 |
||
| 008 | 220928b ||||| |||| 00| 0 eng d | ||
| 020 | _a9780593189290 | ||
| 082 |
_22020 _aDFic _bZ612 |
||
| 100 |
_aZhang, C Pam. _946156 |
||
| 245 |
_aHow much of these hills is gold / _cC Pam Zhang. |
||
| 260 |
_aNew York : _bRiverhead Books, _c©2020. |
||
| 300 |
_a272 pages ; _b23 cm. |
||
| 650 |
_aWestern stories. _946157 |
||
| 942 |
_2ddc _cDFIC |
||